000 00765nam a2200241 a 4500
001 BRCA_4798
005 20190320204818.0
008 980827s1998 sp-######b---#000-0#spa-#
020 _a8488333250
041 _aspa
044 _asp
050 4 _aPQ6327
_b.L69 1998
100 1 _aLozano Renieblas, Isabel
_912152
245 1 0 _aCervantes y el mundo del Persiles
_cIsabel Lozano Renieblas.
260 _aEspaña
_bCentro de Estudios Cervantinos
_c1998
300 _a222 p.
_c22 cm.
440 0 _aBiblioteca de Estudios Cervantinos
_v6
_912153
500 _aIncluye índice de nombres
504 _aBibliografía: p. [193]-214
600 1 4 _aCervantes Saavedra, Miguel de
_d1547-1616
_tTrabajos de Persiles y Sigismunda
_912154
902 _aCERV
942 _2lcc
_cB
999 _c4495
_d4495